Prince Quiz - Statistics

General Stats
  • This quiz has been taken 20 times
  • The average score is 10 of 13
Answer Stats
Question Answer % Correct
How many children did he have? 1
95%
How many spouses did he have? 2
95%
What did he change his name to? A _______ Symbol
95%
What state of the United States was he born in? Minnesota
89%
What year was he born? 1958
84%
What year did he die? 2016
84%
What month was he born in? June
84%
How old was he when he died? 57
79%
What city was he born in? Minneapolis
79%
What was his first studio album? For You
74%
What was his cause of death? Overdose
74%
What was his real name? Prince Nelson
47%
What was his final studio album? HITnRUN Phase Two
32%
No matching quizzes found
Score Distribution
Percent of People with Each Score
Percentile by Number Answered
Your Score History
You have not taken this quiz